000
00263nam a2200109Ia 4500
008
200302s9999 xx 000 0 und d
100
_a
Tom Wolfe
245
_a
Site : Identity In Density
260
_b
Images Publishing, Austraila
260
_c
2005
300
_a
253 P
999
_c
4847
_d
4847